000 00272nam a22001217a 4500
008 181207b xxu||||| |||| 00| 0 eng d
041 _aeng
080 _a541
100 _a12
101 _aKIM
245 _aInternational Chemical Series
_cHoward .hh
942 _2udc
_cBK
999 _c53007
_d53007